000 00650nam a2200241 i 4500
001 77908
003 ES-MaACL
005 20260424152004.0
007 t|
008 041115s1986 sp ||||1| spa d
017 _aB 38304-1986
020 _a84-320-4658-2
080 _a860-31"19"
100 1 _aVizcaíno Casas, Fernando.
_9115612
245 1 0 _aZona roja /
_cFernando Vizcaíno Casas.
250 _a2ª ed.
260 _aBarcelona :
_bPlaneta,
_c1986.
300 _a212 p. ;
_c20 cm.
490 1 _aColección Fábula ;
_v197
830 0 _aColección Fábula
_v197
_9180466
852 _aES-MaACL
_jE-10378
_bR.130877
999 _c77908
_d77908